01470nam a2200253 a 4500001001500000003000400015005001700019008004100036020004100077020001800118020003600136040000700172082001000179100002200189245014800211250001600359260004300375300002100418520061500439650004201054650001901096700001901115856008201134ASIN1592536204OSt20180116192417.0130726s2010 xxu eng d a1592536204 (library binding)c$30.00 a9781592536207 a9781592536207 (library binding) c00 a745.41 aFriedenberg, Jay.10a1001 symmetrical patterns :ba complete resource of pattern designs created by evolving symmetrical shapes /cJay Friedenberg and Jacob Roesch. aPap/Cdr ed. aBeverly :bRockport Publishers,c2010. a208 p. ;c23 cm. aArtists, graphic designers, and craftspeople are always looking for new sources of inspiration and new ideas to incorporate into their work. This book is an extensive print and electronic library of symmetrical patterns in changing arrangements and colorways, inspired by traditional iconic motifs found in various cultures throughout history. The patterns are suited to many applications, including quilt, tile, fabric, jewelry, architectural, product, website, and graphic design. The enclosed CD-ROM allows the reader to reproduce, resize, or otherwise modify all of the designs for his or her own purposes. aRepetitive patterns (Decorative arts) aSymmetry (Art)1 aRoesch, Jacob.403Amazon.comuhttp://www.amazon.com/exec/obidos/ASIN/1592536204/chopaconline-20